01207cam a22003377a 4500003000500000005001700005008004100022010000900063011000900072035000900081040000900090090001000099100004000109245010800149260004000257300001000297502007500307590003700382590004100419590004100460590004100501590004200542650002600584650003200610650002700642901000700669942001000676949004100686999001500727952012700742CHAP20220329133430.0971013s1991 r 00010 d a6306 a7278 a6501 cCHAP aTesis00aVallejo Villafana, Ricardo.9117646 0aPoder pigmentante de un extracto de flor de cempasúchil en relación al apoester en la yema de huevo aChapingo, Méx. :bEl autor,c1991 a64 h. aTesis (Ing. Agr. Esp. en Zootecnia) -- UACH. Departamento de Zootecnia aALEPHb10c20130110lUCH01h1218 aBATCH-UPDb10c20130110lUCH01h1934 aBATCH-UPDb10c20130410lUCH01h1258 aBATCH-UPDb10c20130914lUCH01h0907 aCONVERSIONb10c20130109lUCH01h130514aCempazúchil.92094714aPigmentos vegetales.98805714aYema de huevo.9123067 aBK cTESIS bBCcTESd-16106eTS1h24799i6501si c6306d6306 00102local4051708TESISaBCbBCcPA_TESISd2019-12-31fTESISl0oTesisp-16106r2019-12-31 00:00:00w2019-12-31yTESIS